| 000 | 01740cam a2200301 a 4500 | ||
|---|---|---|---|
| 001 | 17330536 | ||
| 003 | SISC | ||
| 005 | 20170418162650.0 | ||
| 008 | 120604s2012 cau b 001 0 eng | ||
| 010 | _a 2012022687 | ||
| 020 | _a9781118134276 (cloth) | ||
| 040 |
_aDLC _cDLC _dDLC |
||
| 042 | _apcc | ||
| 050 | 0 | 0 |
_aHD 53 _b.M374 2012 |
| 082 | 0 | 0 | _a658.4/092 |
| 100 | 1 | _aMattimore, Bryan W. | |
| 245 | 1 | 0 |
_aIdea stormers : _bhow to lead and inspire creative breakthroughs / _cBryan W. Mattimore. |
| 250 | _a1st edition. | ||
| 260 |
_aSan Francisco : _bJossey-Bass, _c2012. |
||
| 300 |
_ax, 244 pages ; _c24 cm. |
||
| 500 | _aIncludes bibliographical references and index. | ||
| 505 | 0 | _aA map of the creative mind : embracing seven creative thinking mind-sets -- Beyond brainstorming : understanding individual and group ideation techniques -- Your ideation toolkit : the seven all-time greatest ideation techniques -- Innovation overview : strategies and tools for a successful innovation process -- Real-world challenges : applying ideation techniques and innovation processes -- Idea meets world : navigating the road from good idea to successful innovation -- Thinking like a facilitating leader I : the who, where, and how of planning and leading group ideation sessions -- Thinking like a facilitating leader II : new product ideation session design -- Thinking like a facilitating leader III : five strategies for inventing ideation and innovation processes. | |
| 650 | 0 | _aCreative ability in business. | |
| 650 | 0 | _aLeadership. | |
| 906 |
_a7 _bcbc _corignew _d1 _eecip _f20 _gy-gencatlg |
||
| 942 |
_2lcc _cBK |
||
| 999 |
_c329371 _d329371 |
||